00901nam a2200253 a 450000100060000000300080000600500170001400800410003103500190007204000350009104100080012608200250013409600220015910000440018124500610022526000500028630000340033650400360037065000270040665000270043394200120046099900170047295201580048966056BD-RjUL20211209081509.0711020s1966 nyuac b 001 0 eng d a(BD-RjUL)66186 aBD-RjULcBD-RjULdBD-RjULbeng aeng00a581.92223bDAM 1966 aQK 103 D272m 19661 aDawson, Elmer Yale,d1918-1966.919538010aMarine botany :ban introduction /c[by] E. Yale Dawson. aNew York :bHolt, Rinehart and Winston,c1966 axii, 371 p. :bill. ;c24 cm. aIncludes bibliography and index 0aMarine plants.9195381 2aMarine Biology9194963 2ddccBK c66056d66056 00102ddc40718NFICaRUCLbRUCLcReadingd1973-08-18eEuro Bangladesh news Agencyg135.00l0o581.92 DAM 1966r2017-03-13 00:00:00tC-1w2017-03-13yBK